000 00378nam a2200145Ia 4500
008 150201s1989 xx 000 0 und d
082 _a612.015
_bM1989M
100 _aMALHOTRA,B.K.
245 _aMULTIPLE CHOICE QUESTIONS IN BIOCHEMISTRY
250 _a2ND
260 _bJAYPEE MEDICAL PUBLISHER
_aDELHI
_c1989
300 _a1-118
650 _aBIOCHEMISTRY
942 _2ddc
_cBK
_01
999 _c2535
_d2535